The First Crusade - Statistics

General Stats
  • This quiz has been taken 529 times
  • The average score is 8 of 20
Answer Stats
Hint Answer % Correct
City the Crusaders were trying to take back Jerusalem
96%
Religion of the Turks Islam
91%
Religion of the Crusaders Christianity
86%
Capital city of the Byzantine Empire Constantinople
74%
Pope who calls the 1st Crusade Pope Urban II
67%
Who were the Seljuks Turks
53%
Name of Byzantium's leader Alexius Comnenus
41%
Peter Bartholomew finds the... Holy Lance
36%
Dynasty of the leading Egyptions Fatimids
33%
Date of the battle of Manzikert 1071
32%
Nation of the Pope Papal States
32%
Year of Malik Shah's death 1092
30%
First city the Crusaders siege Nicea
26%
Origin of the word ''Crusade'' Cruce Signatus
25%
The straight of water next to the Byzantine's Capital The Bosphorus
24%
Knight who breaches Jerusalem first Godfrey
18%
The Seljuk leader at Dorylaeum Kilij Arslan
16%
Last Crusader battle of the 1st Crusade Ascalon
13%
Nation of Robert Guiscard The Southern Normans
13%
The Iraqi general at Antioch Kerbogha
12%
No matching quizzes found
Score Distribution
Percent of People with Each Score
Percentile by Number Answered
Your Score History
You have not taken this quiz